Catálogo Biblioteca Central

Los reformadores de la España contemporánea (Registro nro. 120612)

Detalles MARC
000 -CABECERA
campo de control de longitud fija 00880nam a22002651i 4500
001 - NÚMERO DE CONTROL
campo de control 120612
003 - IDENTIFICADOR DEL NÚMERO DE CONTROL
campo de control ES-MaBCM
005 - FECHA Y HORA DE LA ÚLTIMA TRANSACCIÓN
campo de control 20241016143554.0
008 - CÓDIGOS DE INFORMACIÓN DE LONGITUD FIJA
campo de control de longitud fija 051221s1966 esp spa
017 ## - NÚMERO DE COPYRIGHT O DE DEPÓSITO LEGAL
Depósito legal M.1953-1966
021 ## -
-- xx
035 ## - NÚMERO DE CONTROL DEL SISTEMA
Número de control de sistema (OCoLC)1350264127
040 ## - FUENTE DE LA CATALOGACIÓN
Centro transcriptor ES-MaBCM
041 0# - CÓDIGO DE LENGUA
Código de lengua del texto/banda sonora o título independiente spa
100 1# - PUNTO DE ACCESO PRINCIPAL - NOMBRE DE PERSONA
Nombre de persona Gómez Molleda, María Dolores
9 (RLIN) 19353
245 14 - MENCIÓN DE TÍTULO
Título Los reformadores de la España contemporánea
Mención de responsabilidad etc. Mª Dolores Gómez Molleda ; prólogo de Vicente Palacio Atard
260 ## - PUBLICACIÓN, DISTRIBUCIÓN, ETC. (PIE DE IMPRENTA)
Lugar de publicación distribución etc. Madrid :
Nombre del editor distribuidor etc. Escuela de Historia Moderna,
Fecha de publicación distribución etc. 1966
300 ## - DESCRIPCIÓN FÍSICA
Extensión XXXI, 522 p., 12 h. con lám.
Dimensiones 25 cm
490 0# - MENCIÓN DE SERIE
Mención de serie Historia de España en el mundo moderno. Estudios ;
-- 108554
Designación de volumen o secuencia 2
650 #7 - PUNTO DE ACCESO ADICIONAL DE MATERIA--TÉRMINO DE MATERIA
Término de materia o nombre geográfico como elemento inicial Cambio social
9 (RLIN) 57802
650 27 - PUNTO DE ACCESO ADICIONAL DE MATERIA--TÉRMINO DE MATERIA
Término de materia o nombre geográfico como elemento inicial Cambio de régimen político
9 (RLIN) 57801
651 24 - PUNTO DE ACCESO ADICIONAL DE MATERIA--NOMBRE GEOGRÁFICO
Nombre geográfico España
9 (RLIN) 115342
710 2# - PUNTO DE ACCESO ADICIONAL--NOMBRE DE ENTIDAD CORPORATIVA
Nombre de entidad o nombre de jurisdicción como elemento inicial Escuela de Historia Moderna (Madrid)
9 (RLIN) 62975
942 ## - ELEMENTOS DE PUNTO DE ACCESO ADICIONAL (KOHA)
Tipo de ítem Koha Libros
Existencias
Estado de retiro Estado de pérdida Fuente del sistema de clasificación o colocación Estado dañado No para préstamo Localización permanente Ubicación/localización actual Ubicación en estantería Fecha de adquisición Número de inventario Número de registro Total de préstamos Signatura topográfica completa Código de barras Precio válido a partir de Tipo de ítem Koha
          Biblioteca Central del Ministerio de la Presidencia Biblioteca Central del Ministerio de la Presidencia Sala 21/12/2005 6064 6064   6139 1033164 21/12/2005 Libros